Incidencia de la Sentencia del Tribunal Constitucional No. TC/168/13 del 23 de septiembre del 2013 en la Seguridad y Defensa Nacional de la República Dominicana / (Registro nro. 1171)

Detalles MARC
000 -CABECERA
campo de control de longitud fija 01514nam a22002417a 4500
003 - IDENTIFICADOR DEL NÚMERO DE CONTROL
campo de control OSt
005 - FECHA Y HORA DE LA ÚLTIMA TRANSACCIÓN
campo de control 20190725213349.0
008 - DATOS DE LONGITUD FIJA--INFORMACIÓN GENERAL
campo de control de longitud fija 170313b xxu||||| |||| 00| 0 esp d
040 ## - FUENTE DE LA CATALOGACIÓN
Centro/agencia transcriptor RCAA
Centro catalogador/agencia de origen DO-SdBJH
Lengua de catalogación spa
090 ## - LOCALMENTE ASIGNADO TIPO-LC NÚMERO DE CLASIFICACIÓN (OCLC); NÚMERO DE CLASIFICACIÓN LOCAL (RLIN)
Número de clasificación (OCLC) (R) ; Numero de clasificación, CALL (RLIN) (NR) TG EGCEMA
Número cutter local (OCLC) ; Número de libro/Signatura topográfica íntegra, CALL (RLIN) 00836 2014
100 1# - ENTRADA PRINCIPAL--NOMBRE DE PERSONA
Nombre de persona De los Santos Pérez, Ramón D.
Término indicativo de función/relación sustentante
245 10 - MENCIÓN DE TÍTULO
Título Incidencia de la Sentencia del Tribunal Constitucional No. TC/168/13 del 23 de septiembre del 2013 en la Seguridad y Defensa Nacional de la República Dominicana /
Mención de responsabilidad, etc. Ramón D. De los Santos Pérez, Luis Adalberto Díaz Guzmán, asesores César A. Figueroa Amparo, Tebi Enriquez Rodríguez Hernández
260 ## - PUBLICACIÓN, DISTRIBUCIÓN, ETC.
Lugar de publicación, distribución, etc. Santo Domingo Este :
Nombre del editor, distribuidor, etc. INSUDE,
Fecha de publicación, distribución, etc. 2014
300 ## - DESCRIPCIÓN FÍSICA
Extensión xv, 73 páginas
502 ## - NOTA DE TESIS
Nota de tesis Tesis (Especialidad en Comando y Estado Mayor Aéreo) Instituto Superior para la Defensa (INSUDE). Escuela de Graduados de Comando y Estado Mayor Aéreo, 2014.
504 ## - NOTA DE BIBLIOGRAFÍA, ETC.
Nota de bibliografía, etc. Incluye referencias bibliográficas e índices
505 ## - NOTA DE CONTENIDO CON FORMATO
Nota de contenido con formato Evolución del proceso y control Migratorio en República Dominicana, Tribunal Constitucional rol y dictamen de la Sentencia No. TC/168/13, la Seguridad y Defensa de la Nación, a la luz de la Sentencia del Tribunal Constitucional No. TC/0168/2013.<br/>
700 1# - PUNTO DE ACCESO ADICIONAL--NOMBRE DE PERSONA
Nombre de persona Díaz Guzmán, Luis Adalberto
Término indicativo de función/relación sustentante
700 1# - PUNTO DE ACCESO ADICIONAL--NOMBRE DE PERSONA
Nombre de persona Figueroa Amparo, César A.
Término indicativo de función/relación asesor
700 1# - PUNTO DE ACCESO ADICIONAL--NOMBRE DE PERSONA
Nombre de persona Rodríguez Hernández, Tebi Enriquez
Término indicativo de función/relación asesor
830 ## - PUNTO DE ACCESO ADICIONAL DE SERIE-TÍTULO UNIFORME
Título uniforme INSUDE. Escuela de Graduados de Comando y Estado Mayor Aéreo. Tesis y disertaciones.
942 ## - ELEMENTOS DE PUNTO DE ACCESO ADICIONAL (KOHA)
Fuente del sistema de clasificación o colocación Clasificación Local
Tipo de ítem Koha Tesis
Existencias
Estado de retiro Estado de pérdida Fuente del sistema de clasificación o colocación Estado dañado No para préstamo Código de colección Localización permanente Ubicación/localización actual Fecha de adquisición Número de inventario Total de préstamos Signatura topográfica completa Código de barras Fecha visto por última vez Número de copia Precio válido a partir de Tipo de ítem Koha
    Clasificación Local   Préstamo Interno Trabajos de Grado e Investigción SIBM UNADE - Biblioteca Sede Central SIBM UNADE - Biblioteca Sede Central 03/13/2017 14-00836   TG EGCEMA 00836 2014 14-00836 10/06/2018 e.1 03/13/2017 Tesis
© Copyright 2016. Universidad Nacional para la Defensa.Todos los derechos reservados.

 

Designed & Maintained by: https://www.sibdweb.com.do
Sistema de Información & Bibliotecas (SIBD). Contact: pbrito2005@gmail.com